000 00480nam a2200145Ia 4500
008 210716s2018 xx 000 0 und d
020 _a9788126573066
041 _aeng
082 _a729 LUCM
100 _aLuchs, Michael G; Swan, K Scott; Griffin, Abbie.
245 _aDesign thinking: new product development essentials from the PDMA.
_bNew product development essentials from the PDMA.
250 _a1
260 _aNew Delhi
_bWiley India Pvt Ltd
_c2018
300 _axvii,431
999 _c197016
_d197016